[Event "25th olm final"]
[Site "Lucerne"]
[Date "1982.11.11"]
[Round "11.1"]
[White "Kristiansen, Jens"]
[Black "Radulov, Ivan"]
[Result "1/2-1/2"]
[WhiteElo "2465"]
[BlackElo "2480"]
[EventDate "1982.10.29"]
[WhiteTeam "Denmark"]
[BlackTeam "Bulgaria"]
[PlyCount "131"]

1.e4 c5 2.Nc3 Nc6 3.g3 g6 4.Bg2 Bg7 5.d3 d6 6.f4 f5 7.Nd5 e6 8.Ne3 Nf6 9.
Ne2 O-O 10.O-O Qc7 11.h3 Nd4 12.g4 Nxe2+ 13.Qxe2 Bd7 14.Bf3 fxe4 15.dxe4
Bc6 16.Qg2 Nd7 17.Nd1 Rf7 18.g5 Nb6 19.Bg4 Qe7 20.Nc3 Raf8 21.a4 Nc4 22.
Qe2 Bd4+ 23.Kh2 Ne5 24.Bd2 Nxg4+ 25.hxg4 h6 26.gxh6 g5 27.f5 Qf6 28.Kg2
Rh7 29.fxe6 Qxh6 30.Rh1 Qxe6 31.Rxh7 Kxh7 32.Rf1 Rxf1 33.Kxf1 Bxc3 34.Bxc3
Qxe4 35.Qh2+ Kg8 36.Qxd6 Qf3+ 37.Ke1 Qe3+ 38.Kf1 Qc1+ 39.Kf2 Qxc2+ 40.Qd2
Bxa4 41.Qxc2 Bxc2 42.Bf6 Kf7 43.Bxg5 Ke6 44.Be3 b6 45.Ke2 Kd5 46.Kd2 Be4
47.Kc3 a5 48.Bg5 Kc6 49.Bd8 a4 50.Be7 Kd5 51.Bf8 b5 52.Be7 b4+ 53.Kd2 Kc4
54.Bf8 Kb5 55.Be7 c4 56.Bf6 c3+ 57.bxc3 b3 58.c4+ Kxc4 59.Kc1 a3 60.Bg7
Kd3 61.Bf6 Ke3 62.g5 Kf4 63.Bh8 Kxg5 64.Bd4 b2+ 65.Bxb2 axb2+ 66.Kxb2
1/2-1/2

[Event "25th olm final"]
[Site "Lucerne"]
[Date "1982.11.11"]
[Round "11.2"]
[White "Inkiov, Ventzislav"]
[Black "Mortensen, Erling"]
[Result "1-0"]
[WhiteElo "2475"]
[BlackElo "2440"]
[EventDate "1982.10.29"]
[WhiteTeam "Bulgaria"]
[BlackTeam "Denmark"]
[PlyCount "79"]

1.d4 Nf6 2.c4 g6 3.Nc3 Bg7 4.Nf3 O-O 5.Bg5 d6 6.e3 h6 7.Bh4 g5 8.Bg3 Nh5
9.Qc2 e6 10.Be2 Nd7 11.Nd2 Ndf6 12.Rd1 Qe7 13.b4 Bd7 14.c5 Nxg3 15.hxg3
dxc5 16.bxc5 e5 17.O-O Rad8 18.Nc4 exd4 19.exd4 b6 20.Rfe1 Rfe8 21.Ne5 Qf8
22.Nb5 Nd5 23.Bc4 Bxb5 24.Bxb5 Re6 25.cxb6 cxb6 26.Bc4 Qd6 27.Qb3 Re7 28.
Kh2 h5 29.Nf3 Rxe1 30.Rxe1 Bf6 31.Kg1 Kg7 32.Nxg5 Bxd4 33.Qf3 Qf6 34.Bxd5
Qxg5 35.Qxf7+ Kh8 36.Bb3 Bg7 37.f4 Qc5+ 38.Kh2 Rf8 39.Re8 h4 40.gxh4 1-0

[Event "25th olm final"]
[Site "Lucerne"]
[Date "1982.11.11"]
[Round "11.3"]
[White "Fedder, Steen"]
[Black "Donchev, Dimitar"]
[Result "1-0"]
[WhiteElo "2415"]
[BlackElo "2430"]
[EventDate "1982.10.29"]
[WhiteTeam "Denmark"]
[BlackTeam "Bulgaria"]
[PlyCount "115"]

1.d4 Nf6 2.c4 g6 3.Nc3 Bg7 4.e4 d6 5.Be2 O-O 6.Nf3 e5 7.d5 a5 8.Bg5 h6 9.
Bh4 Na6 10.Nd2 Bd7 11.a3 Qe7 12.O-O Rfb8 13.f3 Qf8 14.Rb1 c5 15.Nb5 Nh5
16.Nb3 b6 17.Nc1 Nf4 18.Be1 h5 19.g3 Nh3+ 20.Kg2 Ng5 21.Kh1 f5 22.h4 Nh7
23.g4 hxg4 24.fxg4 f4 25.g5 Qe7 26.Bg4 Kf7 27.Bxd7 Qxd7 28.Kg2 Rh8 29.Qf3
Bf8 30.Nd3 Nxg5 31.hxg5 Rh5 32.Rh1 Rxh1 33.Kxh1 Be7 34.Bc3 Rh8+ 35.Kg2 Rh5
36.Rg1 Kg8 37.Nf2 Bxg5 38.Rh1 Rxh1 39.Kxh1 Nc7 40.Nxc7 Qxc7 41.Qg4 Qh7+
42.Kg2 Be7 43.Qh3 Qh4 44.Qxh4 Bxh4 45.Nd3 Kf7 46.Kh3 Bf6 47.Kg4 Kg7 48.b3
Kf7 49.Nf2 Kg7 50.Nh3 Kf7 51.Be1 Bd8 52.Bh4 Bc7 53.Ng5+ Ke8 54.Ne6 Bb8 55.
Bg5 Ba7 56.Nc7+ Kd7 57.Nb5 Bb8 58.Bh4 1-0

[Event "25th olm final"]
[Site "Lucerne"]
[Date "1982.11.11"]
[Round "11.4"]
[White "Popov, Luben"]
[Black "Fries Nielsen, Jens Ove"]
[Result "1/2-1/2"]
[WhiteElo "2435"]
[BlackElo "2390"]
[EventDate "1982.10.29"]
[WhiteTeam "Bulgaria"]
[BlackTeam "Denmark"]
[PlyCount "113"]

1.d4 Nf6 2.c4 e6 3.Nf3 b6 4.g3 Ba6 5.b3 d5 6.Bg2 dxc4 7.Ne5 Bb4+ 8.Bd2
cxb3 9.Nc3 b2 10.Rb1 Qxd4 11.Bxa8 Bxc3 12.Nf3 Bxd2+ 13.Qxd2 Qxd2+ 14.Kxd2
O-O 15.Rxb2 c6 16.Rc1 Rc8 17.Ne5 c5 18.Ke1 Nbd7 19.Nxd7 Nxd7 20.Rd2 Bb5
21.Be4 f5 22.Bd3 Bc6 23.Rcd1 Rc7 24.Bc4 Kf7 25.Rd6 Nf8 26.Rd8 b5 27.Bb3 c4
28.Bc2 Ke7 29.Rb8 Nd7 30.Rg8 Kf7 31.Rh8 h6 32.f3 a5 33.e4 Nf8 34.exf5 exf5
35.Rd8 Re7+ 36.Kf2 Ng6 37.Rhg8 Bd7 38.h4 h5 39.Rb8 b4 40.Rgd8 Ne5 41.Rf8+
Ke6 42.Bxf5+ Kd5 43.Rfd8 c3 44.Rb7 Kc6 45.Be4+ Kc5 46.Ra8 Nc6 47.Ke3 Kd6
48.Ra6 Re5 49.Kd3 Rc5 50.Kc2 Bc8 51.Rxc6+ Rxc6 52.Bxc6 Kxc6 53.Rxg7 Bf5+
54.Kc1 a4 55.Rf7 Bd3 56.Rf6+ Kc5 57.Rf8 1/2-1/2

[Event "25th olm final"]
[Site "Lucerne"]
[Date "1982.11.12"]
[Round "12.1"]
[White "Helmers, Knut"]
[Black "Kristiansen, Jens"]
[Result "1/2-1/2"]
[WhiteElo "2425"]
[BlackElo "2465"]
[EventDate "1982.10.29"]
[WhiteTeam "Norway"]
[BlackTeam "Denmark"]
[PlyCount "45"]

1.Nf3 Nf6 2.c4 g6 3.g3 Bg7 4.Bg2 O-O 5.Nc3 d6 6.O-O e5 7.d4 Nbd7 8.e4 Re8
9.h3 a5 10.Be3 exd4 11.Nxd4 Nc5 12.Qc2 c6 13.Rad1 Qe7 14.Rfe1 a4 15.b4
axb3 16.axb3 Ra3 17.Bc1 Ra8 18.Bf4 Nfd7 19.Be3 Ra3 20.Bc1 Ra1 21.Nde2 h5
22.Be3 Ra3 23.b4 1/2-1/2

[Event "25th olm final"]
[Site "Lucerne"]
[Date "1982.11.12"]
[Round "12.2"]
[White "Mortensen, Erling"]
[Black "Heim, Sverre"]
[Result "1/2-1/2"]
[WhiteElo "2440"]
[BlackElo "2415"]
[EventDate "1982.10.29"]
[WhiteTeam "Denmark"]
[BlackTeam "Norway"]
[PlyCount "45"]

1.e4 c5 2.Nf3 e6 3.d4 cxd4 4.Nxd4 a6 5.Nc3 d6 6.Be2 b5 7.f4 b4 8.Na4 Bb7
9.Bf3 Nf6 10.e5 Nd5 11.O-O dxe5 12.fxe5 Nd7 13.c4 bxc3 14.Nxc3 Nxc3 15.
bxc3 Bxf3 16.Nxf3 Be7 17.Qe1 O-O 18.Qg3 f5 19.exf6 Bxf6 20.Bg5 Qb6+ 21.Kh1
Bxc3 22.Rab1 Qa5 23.Qd6 1/2-1/2

[Event "25th olm final"]
[Site "Lucerne"]
[Date "1982.11.12"]
[Round "12.3"]
[White "Agdestein, Simen"]
[Black "Hansen, Jacob Ost"]
[Result "1/2-1/2"]
[WhiteElo "2280"]
[BlackElo "2410"]
[EventDate "1982.10.29"]
[WhiteTeam "Norway"]
[BlackTeam "Denmark"]
[PlyCount "35"]

1.d4 Nf6 2.c4 c5 3.d5 e5 4.Nc3 d6 5.e4 Be7 6.g3 O-O 7.Bg2 Nbd7 8.Nh3 a6 9.
a4 Ne8 10.O-O Rb8 11.Rb1 Nc7 12.Qe2 b5 13.axb5 axb5 14.Nxb5 Nxb5 15.cxb5
Qa5 16.Bd2 Qxb5 17.Qxb5 Rxb5 18.b4 1/2-1/2

[Event "25th olm final"]
[Site "Lucerne"]
[Date "1982.11.12"]
[Round "12.4"]
[White "Fries Nielsen, Jens Ove"]
[Black "Hoen, Ragnar"]
[Result "1-0"]
[WhiteElo "2390"]
[BlackElo "2325"]
[EventDate "1982.10.29"]
[WhiteTeam "Denmark"]
[BlackTeam "Norway"]
[PlyCount "71"]

1.e4 e5 2.Nf3 Nc6 3.Bc4 Bc5 4.c3 Nf6 5.d4 exd4 6.cxd4 Bb4+ 7.Bd2 Bxd2+ 8.
Nbxd2 d5 9.exd5 Nxd5 10.O-O O-O 11.Rc1 Nb6 12.Bb3 Bg4 13.h3 Bh5 14.Rc5 Bg6
15.Nc4 Be4 16.Ng5 Bg6 17.f4 Qf6 18.Ne5 Rad8 19.f5 Qxg5 20.fxg6 Nxe5 21.
gxf7+ Kh8 22.Rxe5 Qh4 23.Kh2 g6 24.g4 c6 25.d5 Qh6 26.d6 Qg7 27.Re7 Qxb2+
28.Kh1 c5 29.d7 Kg7 30.Be6 Qc3 31.Rf3 Qd4 32.Qxd4+ cxd4 33.g5 h6 34.h4 Na4
35.Re8 Nc5 36.gxh6+ 1-0

[Event "25th olm final"]
[Site "Lucerne"]
[Date "1982.11.13"]
[Round "13.1"]
[White "Torre, Eugenio"]
[Black "Kristiansen, Jens"]
[Result "1-0"]
[WhiteElo "2535"]
[BlackElo "2465"]
[EventDate "1982.10.29"]
[WhiteTeam "The Philippines"]
[BlackTeam "Denmark"]
[PlyCount "151"]

1.d4 Nf6 2.Nf3 d6 3.c4 g6 4.Nc3 Bg7 5.e4 O-O 6.Be2 e5 7.O-O Nc6 8.d5 Ne7
9.Ne1 Nd7 10.Nd3 f5 11.Bd2 fxe4 12.Nxe4 Nf5 13.Bc3 Nf6 14.Bf3 Nh4 15.Nxf6+
Qxf6 16.Be4 Bf5 17.Qe2 Bxe4 18.Qxe4 Qg5 19.Ne1 Qf4 20.Qe2 e4 21.Bxg7 Kxg7
22.Kh1 Nf5 23.Nc2 Rae8 24.Rae1 Re5 25.Ne3 Nxe3 26.Qxe3 Qxe3 27.Rxe3 b5 28.
b3 Rb8 29.Rc1 bxc4 30.Rxc4 Rb7 31.Rcxe4 Rxd5 32.Re7+ Kf6 33.h4 h5 34.Kh2
a5 35.Kh3 a4 36.f3 Re5 37.R7xe5 dxe5 38.bxa4 Ra7 39.Re4 c5 40.Kg3 Rc7 41.
Kf2 Ke6 42.Ke3 Kd5 43.Kd3 Ra7 44.Kc3 Ra8 45.a3 Ra7 46.Rc4 Ra8 47.Re4 Ra7
48.Rc4 Ra8 49.Kd3 Ra7 50.f4 exf4 51.Rxf4 Ra6 52.g4 hxg4 53.Rxg4 Rf6 54.
Rg5+ Kc6 55.Rg3 Rd6+ 56.Kc3 Rf6 57.Rg4 Kd5 58.a5 Rf3+ 59.Kb2 Rf6 60.Kb3
Kc6 61.Kc4 Rd6 62.a4 Rf6 63.a6 Kb6 64.a7 Kxa7 65.Kxc5 Kb7 66.Kd5 Kc7 67.
Ke5 Ra6 68.a5 Rxa5+ 69.Ke6 Ra1 70.Kf7 Rf1+ 71.Kxg6 Kd7 72.h5 Ke7 73.h6
Rf6+ 74.Kg5 Rf8 75.h7 Rh8 76.Kg6 1-0

[Event "25th olm final"]
[Site "Lucerne"]
[Date "1982.11.13"]
[Round "13.2"]
[White "Mortensen, Erling"]
[Black "Maninang, Jesus Rafael"]
[Result "1-0"]
[WhiteElo "2440"]
[BlackElo "2380"]
[EventDate "1982.10.29"]
[WhiteTeam "Denmark"]
[BlackTeam "The Philippines"]
[PlyCount "49"]

1.e4 c5 2.Nf3 d6 3.d4 cxd4 4.Nxd4 Nf6 5.Nc3 a6 6.Be2 e5 7.Nb3 Be7 8.O-O
Be6 9.f4 Qc7 10.Be3 O-O 11.f5 Bc4 12.Bxc4 Qxc4 13.Nd2 Qc6 14.Qf3 Rd8 15.g4
d5 16.exd5 Nxd5 17.Nxd5 Rxd5 18.Ne4 Bf8 19.f6 g6 20.h4 h6 21.h5 g5 22.Rad1
Nd7 23.Rxd5 Qxd5 24.Rd1 Qe6 25.Qf5 1-0